000 00670nam a22002777a 4500
001 BR9406744
003 BR-BrBNA
005 20230928094351.0
007 ta
008 230509b bl.||||| |||| 00| 0 por d
040 _aBR-BrBNA
_bpor
_cBiblioteca Nacional de Agricultura
041 _a(Por)
072 _aH20
_b4120
090 _ 4120 BR9406744
100 1 _aSilveira, V.D.
245 1 _aLicoes de micologia
250 1 _a2. ed.
260 3 _aRio de Janeiro, GB (Brasil):
_c1946.
300 _a214 p.
650 _aMicologia
650 _aFungo
650 _aBiologia
650 _aMicrobiologia
909 _a202309
_bLucia
_c55
_dLucia Elande
942 _cBK
999 _c50330
_d50330